A day at the pumpkin patch / (Record no. 9328)

MARC details
000 -LEADER
fixed length control field 01038nam a22002897a 4500
001 - CONTROL NUMBER
control field 9328
003 - CONTROL NUMBER IDENTIFIER
control field FISKH
005 - DATE AND TIME OF LATEST TRANSACTION
control field 20251211085511.0
008 - FIXED-LENGTH DATA ELEMENTS--GENERAL INFORMATION
fixed length control field 251211b cb ||||| |||| 00| 0 eng d
020 ## - INTERNATIONAL STANDARD BOOK NUMBER
International Standard Book Number 9780439900102
040 ## - CATALOGING SOURCE
Original cataloging agency FISKH
Language of cataloging eng
Transcribing agency FISKH
Modifying agency FISKH
050 ## - LIBRARY OF CONGRESS CALL NUMBER
Classification number SB347 .F38
082 ## - DEWEY DECIMAL CLASSIFICATION NUMBER
Classification number 635.62
100 ## - MAIN ENTRY--PERSONAL NAME
Personal name Faulkner, Megan
Relator term Author
245 ## - TITLE STATEMENT
Title A day at the pumpkin patch /
Statement of responsibility, etc. Text by Megan Faulkner ; Photographs by Adam Krawesky
260 ## - PUBLICATION, DISTRIBUTION, ETC.
Place of publication, distribution, etc. New York :
Name of publisher, distributor, etc. Scholastic Inc. ,
Date of publication, distribution, etc. 2006
300 ## - PHYSICAL DESCRIPTION
Extent 30 pages :
Other physical details photographs ;
Dimensions 21 x 26 cm
505 ## - FORMATTED CONTENTS NOTE
Formatted contents note G<br/>
520 ## - SUMMARY, ETC.
Summary, etc. A group of children explore and enjoy nature's autumn bounty, including apples, raspberries, gourds, and pumpkins, on a day at a pumpkin patch; describes the parts of a pumpkin and how pumpkins grow.
521 8# - TARGET AUDIENCE NOTE
Target audience note 400<br/>
Source Lexile estimate<br/>
521 8# - TARGET AUDIENCE NOTE
Target audience note G<br/>
Source Raz-Plus<br/>
650 ## - SUBJECT ADDED ENTRY--TOPICAL TERM
Topical term or geographic name entry element Pumpkin patch
Form subdivision Pumpkins
650 ## - SUBJECT ADDED ENTRY--TOPICAL TERM
Topical term or geographic name entry element Pumpkin life cycle
Form subdivision Parts of a pumpkin
700 ## - ADDED ENTRY--PERSONAL NAME
Personal name Krawesky, Adam
Relator term Photographer
942 ## - ADDED ENTRY ELEMENTS (KOHA)
Source of classification or shelving scheme Dewey Decimal Classification
Koha item type Books
Suppress in OPAC No
Holdings
Withdrawn status Lost status Source of classification or shelving scheme Damaged status Not for loan Collection Home library Current library Shelving location Date acquired Total Checkouts Full call number Barcode Date last seen Copy number Price effective from Koha item type
    Dewey Decimal Classification     Non-Fiction Footprints International School Library Network Toul Tom Poung Campus Footprints International School Library Network Toul Tom Poung Campus TTP Primary Dark Blue Bookshelves 12/11/2025   FAU 635.62 SB347 .F38 FISTK01476 12/11/2025 1 12/11/2025 Books